Viackriteriálne hodnotenie zamestnanosti členských krajín EÚ na základe vybraných ukazovateľov Lisabonskej stratégie
Článok je zameraný na aplikáciu metód viacrozmernej štatistickej analýzy pri hodnotení členských krajín Európskej únie na základe vybraných ukazovateľov Lisabonskej stratégie, ide konkrétne o analýzu zamestnanosti. Obsah súboru dát a ciele analýzy. Analýza zamestnanosti v členských krajinách EÚ.
Guardado en:
| Autor principal: | |
|---|---|
| Formato: | Capítulo de libro |
| Lenguaje: | eslovaco |
| Materias: | |
| Etiquetas: |
Sin Etiquetas, Sea el primero en etiquetar este registro!
|
MARC
| LEADER | 00000naa$a2200000$$$4500 | ||
|---|---|---|---|
| 001 | 0081417 | ||
| 005 | 20231013082025.5 | ||
| 041 | 0 | |a slo | |
| 044 | |a CZ | ||
| 245 | 1 | 0 | |a Viackriteriálne hodnotenie zamestnanosti členských krajín EÚ na základe vybraných ukazovateľov Lisabonskej stratégie |c Iveta Stankovičová |
| 520 | |a Článok je zameraný na aplikáciu metód viacrozmernej štatistickej analýzy pri hodnotení členských krajín Európskej únie na základe vybraných ukazovateľov Lisabonskej stratégie, ide konkrétne o analýzu zamestnanosti. Obsah súboru dát a ciele analýzy. Analýza zamestnanosti v členských krajinách EÚ. | ||
| 610 | 2 | 0 | |a analýza štatistická |
| 610 | 2 | 0 | |a údaje štatistické |
| 610 | 2 | 0 | |a ukazovatele ekonomické |
| 610 | 2 | 0 | |a zamestnanosť |
| 610 | 2 | 0 | |a Európska únia |
| 100 | 1 | |a Stankovičová, Iveta | |